000 01271nam a22003497a 4500
003 CHAP
005 20240906114503.0
008 971013s1988 r 00010 d
010 _a31981
011 _a32953
035 _a37068
040 _cCHAP
090 _aTesis
100 1 0 _aMartínez Moreno, Eusebio
_972318
245 _aRespuesta en el rendimiento de forraje de avena (Avena sativa L.) a la aplicación de riegos en base a diferentes tensiones de humedad del suelos en tres etapas fenológicas
260 _aChapingo, Méx. :
_bEl autor,
_c1988
300 _a88 h
502 _aTesis (Ing. Agr. Esp. en Fitotecnia) -- UACH. Departamento de Fitotecnia
590 _aALEPH
_b10
_c20130110
_lUCH01
_h1254
590 _aBATCH-UPD
_b10
_c20130110
_lUCH01
_h0853
590 _aBATCH-UPD
_b10
_c20130410
_lUCH01
_h0525
590 _aBATCH-UPD
_b10
_c20130914
_lUCH01
_h0433
590 _aCONVERSION
_b10
_c20130109
_lUCH01
_h1318
650 1 4 _aAvena
_xEfecto de la humedad.
_98515
650 1 4 _aAvena
_xEfecto del medio ambiente.
_98516
650 1 4 _aAvena
_xIrrigación.
_98530
650 1 4 _aAvena
_xRendimiento.
_98539
650 1 4 _aSuelos
_xHumedad
_xEfecto en plantas.
_9110393
901 _aBK
942 _cTESIS
949 _bBC
_cTES
_d-85061
_eTS1
_h20894
_i37068
_si
999 _c31981
_d31981